[Event "Groupe Commerce"]
[Site "Thetford Mines CAN"]
[Date "1996.06.30"]
[Round "4"]
[White "Pescarus, Radu"]
[Black "Charest, Johanne"]
[Result "1-0"]
[WhiteElo "1585"]
[BlackElo "1866"]
[PlyCount "109"]
[EventDate "1996.06.28"]
[EventType "swiss"]
[EventRounds "5"]
[EventCountry "CAN"]

1. e4 e5 2. Nf3 Nc6 3. Bb5 Bc5 4. c3 Nf6 5. d3 d6 6. O-O a6 7. Ba4 Bg4 8. Be3
Bb6 9. Nbd2 O-O 10. Re1 Qe7 11. Nf1 Nd7 12. h3 Be6 13. d4 d5 14. Bxc6 bxc6 15.
Nxe5 Nxe5 16. dxe5 dxe4 17. Bxb6 cxb6 18. Rxe4 Bd5 19. Re1 Rad8 20. Qg4 Rfe8
21. c4 Be6 22. Qe4 Qc5 23. b3 Rd4 24. Qf3 Red8 25. Rad1 R4d7 26. Rxd7 Rxd7 27.
Qe3 Qb4 28. Re2 Rd1 29. Rd2 Qxd2 30. Qxd2 Rxd2 31. Nxd2 Bf5 32. f4 Kf8 33. Kf2
Ke7 34. Ke3 c5 35. Ne4 h5 36. a3 Kd7 37. b4 cxb4 38. axb4 Kc6 39. Nd6 Be6 40.
f5 Bd7 41. Kf4 f6 42. exf6 gxf6 43. Ne4 Be8 44. Nxf6 Bf7 45. Nd5 a5 46. Nxb6
Kxb6 47. bxa5+ Kxa5 48. g4 hxg4 49. hxg4 Kb6 50. c5+ Kxc5 51. Ke5 Bc4 52. g5
Kc6 53. Kf6 Kd7 54. Kg7 Ke8 55. g6 1-0

[Event "Groupe Commerce"]
[Site "Thetford Mines CAN"]
[Date "1996.06.30"]
[Round "4"]
[White "Tremblay, Sylvain"]
[Black "Goldenberg, Danny"]
[Result "1/2-1/2"]
[WhiteElo "2150"]
[BlackElo "1968"]
[PlyCount "119"]
[EventDate "1996.06.28"]
[EventType "swiss"]
[EventRounds "5"]
[EventCountry "CAN"]

1. Nf3 Nf6 2. g3 g6 3. Bg2 Bg7 4. O-O O-O 5. c4 Nc6 6. d4 d6 7. Nc3 a6 8. a3
Rb8 9. b4 b5 10. cxb5 axb5 11. Bb2 Nh5 12. Rc1 Na7 13. e4 Bd7 14. Re1 Nc8 15.
e5 Nb6 16. Ra1 Nc4 17. Bc1 Bg4 18. h3 Bxf3 19. Bxf3 dxe5 20. Bxh5 Qxd4 21. Qxd4
exd4 22. Nd5 d3 23. Ra2 gxh5 24. Nxe7+ Kh8 25. Nf5 d2 26. Rxd2 Nxd2 27. Bxd2
Bf6 28. Rc1 Rfc8 29. Rc6 Bg7 30. Bf4 Ra8 31. Bc1 Rd8 32. Kg2 Rd7 33. Rc5 Rb8
34. Bf4 Bf8 35. Rc6 Rb6 36. Rc3 c6 37. Re3 Rd8 38. Bc7 Rbb8 39. Bxb8 Rxb8 40.
Rc3 Rb6 41. Kf3 Bg7 42. Rd3 h6 43. Rd8+ Kh7 44. Rd7 Kg8 45. Ke4 Ra6 46. Nxg7
Kxg7 47. Rd3 Ra8 48. Rc3 Re8+ 49. Kd4 Re6 50. Rf3 Re1 51. Kc5 Rc1+ 52. Kd6 Rc2
53. Rf5 Kg6 54. Rc5 Rxf2 55. Kxc6 Rf3 56. Kxb5 Rxa3 57. Rc6+ f6 58. Rc8 h4 59.
gxh4 Rxh3 60. Rc4 1/2-1/2

[Event "Groupe Commerce"]
[Site "Thetford Mines CAN"]
[Date "1996.06.30"]
[Round "5"]
[White "Jodoin, Pierre"]
[Black "Tremblay, Sylvain"]
[Result "1/2-1/2"]
[WhiteElo "1993"]
[BlackElo "2150"]
[PlyCount "88"]
[EventDate "1996.06.28"]
[EventType "swiss"]
[EventRounds "5"]
[EventCountry "CAN"]

1. e4 c6 2. d4 d5 3. exd5 cxd5 4. c4 Nf6 5. Nc3 e6 6. Bf4 a6 7. c5 b6 8. b4 Be7
9. Nf3 O-O 10. Bd3 bxc5 11. bxc5 Nc6 12. O-O h6 13. Re1 Re8 14. Rb1 Qa5 15. Na4
Bd7 16. Nb6 Nxd4 17. Nxd4 Bxc5 18. Nxa8 Bxd4 19. Nc7 Rc8 20. Nxa6 Qxa2 21. Re2
Qa3 22. Rb8 e5 23. Be3 Rxb8 24. Nxb8 Bg4 25. f3 Bxe3+ 26. Rxe3 Qa7 27. Qe2 e4
28. Bb5 Qxb8 29. fxg4 d4 30. Rg3 d3 31. Bxd3 exd3 32. Rxd3 Qb6+ 33. Kh1 Ne4 34.
Rf3 Nf6 35. h3 Qb1+ 36. Rf1 Qb6 37. Qf2 Qc7 38. Qf4 Qxf4 39. Rxf4 Kh7 40. Kh2
Kg6 41. Kg3 h5 42. Ra4 hxg4 43. hxg4 Nh7 44. Ra6+ f6 1/2-1/2

[Event "Harry Mather mem"]
[Site "Saskatoon CAN"]
[Date "1996.??.??"]
[Round "?"]
[White "Knapper, Brian"]
[Black "Berscheid, Brian"]
[Result "1-0"]
[WhiteElo "1636"]
[BlackElo "1519"]
[PlyCount "53"]
[EventDate "1996.??.??"]
[EventType "swiss"]
[EventRounds "5"]
[EventCountry "CAN"]

1. d4 d5 2. Nf3 Nf6 3. Bf4 Bf5 4. e3 Nbd7 5. h3 g6 6. Nbd2 Bg7 7. c3 O-O 8. g4
Be4 9. Nxe4 Nxe4 10. Qc2 c5 11. Bd3 Nef6 12. O-O-O a6 13. Rdg1 b5 14. h4 Qc8
15. h5 c4 16. Bxg6 fxg6 17. hxg6 Ne4 18. gxh7+ Kh8 19. Nh4 Rf6 20. f3 Nd6 21.
Ng6+ Rxg6 22. Qxg6 Ne8 23. Bh6 a5 24. Qf7 Ndf6 25. g5 Bxh6 26. Rxh6 Ng7 27.
gxf6 1-0

[Event "Harry Mather mem"]
[Site "Saskatoon CAN"]
[Date "1996.??.??"]
[Round "?"]
[White "Oliver, Vance"]
[Black "Wiedman, J."]
[Result "0-1"]
[WhiteElo "1484"]
[BlackElo "1605"]
[PlyCount "68"]
[EventDate "1996.??.??"]
[EventType "swiss"]
[EventRounds "5"]
[EventCountry "CAN"]

1. Nf3 Nf6 2. d4 e6 3. c4 Bb4+ 4. Nc3 Bxc3+ 5. bxc3 d6 6. Bg5 O-O 7. e4 Nbd7 8.
Bd3 h6 9. h4 e5 10. Qd2 hxg5 11. hxg5 Nh7 12. O-O-O f6 13. g6 Ng5 14. Rh5 Re8
15. Rdh1 Kf8 16. Rh8+ Ke7 17. Nh4 Nf8 18. Nf5+ Bxf5 19. exf5 Kd7 20. c5 Kc8 21.
d5 dxc5 22. Bb5 c6 23. dxc6 Qxd2+ 24. Kxd2 Rd8+ 25. Kc2 bxc6 26. Bxc6 Rb8 27.
Rd1 Kc7 28. Rxd8 Rxd8 29. Ba4 Ne4 30. f3 Ng3 31. Rg8 Nxf5 32. g4 Ne3+ 33. Kb3
Rb8+ 34. Ka3 Nc4# 0-1

[Event "Harry Mather mem"]
[Site "Saskatoon CAN"]
[Date "1996.??.??"]
[Round "?"]
[White "Paget, Todd"]
[Black "Oliver, Vance"]
[Result "0-1"]
[WhiteElo "1604"]
[BlackElo "1484"]
[PlyCount "54"]
[EventDate "1996.??.??"]
[EventType "swiss"]
[EventRounds "5"]
[EventCountry "CAN"]

1. d4 Nf6 2. c4 g6 3. Nc3 Bg7 4. e4 d6 5. f3 O-O 6. Be3 e5 7. d5 a5 8. Qd2 Na6
9. Bd3 Nc5 10. Nge2 Bd7 11. Bc2 c6 12. O-O Nh5 13. Rfd1 cxd5 14. cxd5 f5 15.
Kh1 f4 16. Bf2 g5 17. Nc1 g4 18. Nd3 Nxd3 19. Bxd3 g3 20. hxg3 fxg3 21. Be3
Qh4+ 22. Kg1 Qh2+ 23. Kf1 Rxf3+ 24. gxf3 Bh3+ 25. Ke1 Qh1+ 26. Bg1 Qxg1+ 27.
Ke2 Qf2# 0-1

[Event "Harry Mather mem"]
[Site "Saskatoon CAN"]
[Date "1996.??.??"]
[Round "2"]
[White "Carriere, Allan"]
[Black "Houle, Derek"]
[Result "0-1"]
[WhiteElo "1656"]
[BlackElo "1617"]
[PlyCount "58"]
[EventDate "1996.??.??"]
[EventType "swiss"]
[EventRounds "5"]
[EventCountry "CAN"]

1. e4 c5 2. Nf3 d6 3. d4 cxd4 4. Nxd4 Nf6 5. Nc3 g6 6. Be3 Bg7 7. f3 O-O 8. Qd2
Re8 9. O-O-O Qc7 10. Bh6 Bh8 11. Bb5 Bd7 12. h4 a6 13. Bxd7 Nfxd7 14. h5 Qc4
15. hxg6 fxg6 16. Be3 Nc6 17. Nxc6 bxc6 18. Bd4 Bxd4 19. Qxd4 Qxd4 20. Rxd4 Ne5
21. Ne2 Rab8 22. f4 Ng4 23. Rh4 Ne3 24. g3 c5 25. Ra4 a5 26. Kd2 Nf1+ 27. Kd3
Rxb2 28. Rh1 Rb1 29. Nc3 Re1 0-1

[Event "Harry Mather mem"]
[Site "Saskatoon CAN"]
[Date "1996.??.??"]
[Round "2"]
[White "Masson, Richard"]
[Black "Siciliano, Steve"]
[Result "0-1"]
[WhiteElo "1582"]
[BlackElo "1494"]
[PlyCount "132"]
[EventDate "1996.??.??"]
[EventType "swiss"]
[EventRounds "5"]
[EventCountry "CAN"]

1. c4 e5 2. e4 Nf6 3. Nf3 Nxe4 4. Qe2 Nf6 5. Qxe5+ Be7 6. d4 Nc6 7. Qe2 d5 8.
Nc3 dxc4 9. Qxc4 Bd7 10. Qd3 O-O 11. Bg5 Nb4 12. Qd2 Nfd5 13. a3 Bxg5 14. Nxg5
Nc2+ 15. Qxc2 Qxg5 16. Ne4 Bf5 17. Nxg5 Bxc2 18. Bc4 Rad8 19. O-O h6 20. Nf3
Nb6 21. Rac1 Be4 22. Be2 c6 23. Rfd1 Rfe8 24. Rd2 Nd5 25. Rcd1 Nf4 26. Bc4 Bxf3
27. gxf3 b5 28. Bf1 a5 29. b4 axb4 30. axb4 Nd5 31. Rb1 Rd6 32. Rc2 Nf4 33. Rd1
Ree6 34. Rcd2 Rf6 35. d5 Rg6+ 36. Kh1 Rxd5 37. Rxd5 Nxd5 38. Bxb5 Nxb4 39. Rd8+
Kh7 40. Bd3 Nxd3 41. Rxd3 f5 42. Rc3 Kg8 43. Rc5 Rf6 44. Kg2 g6 45. f4 Kf7 46.
h4 h5 47. Kf3 Ke7 48. Ke3 Kd6 49. Kd4 Rf7 50. Re5 Ra7 51. Re8 Ra4+ 52. Ke3 c5
53. Rg8 Ra3+ 54. Ke2 c4 55. Rxg6+ Kd5 56. Rg5 Ke4 57. Rxh5 Ra2+ 58. Kd1 Kd3 59.
Kc1 c3 60. Kb1 c2+ 61. Kxa2 c1=Q 62. Rxf5 Qc4+ 63. Kb2 Qb4+ 64. Kc1 Kc3 65. h5
Qb2+ 66. Kd1 Qd2# 0-1

[Event "Harry Mather mem"]
[Site "Saskatoon CAN"]
[Date "1996.??.??"]
[Round "4"]
[White "Maxemiuk, Dave"]
[Black "Chin, Sheldon"]
[Result "0-1"]
[WhiteElo "1509"]
[BlackElo "1532"]
[PlyCount "104"]
[EventDate "1996.??.??"]
[EventType "swiss"]
[EventRounds "5"]
[EventCountry "CAN"]

1. d4 f5 2. Nf3 Nf6 3. c4 e6 4. Nc3 c6 5. e3 d5 6. b3 Bd6 7. Bd3 b6 8. Ne5 O-O
9. O-O Bxe5 10. dxe5 Ne4 11. Nxe4 fxe4 12. Be2 Ba6 13. Qc2 Nd7 14. Bb2 Rf5 15.
Bg4 Rg5 16. Bxe6+ Kh8 17. f4 exf3 18. Rxf3 Nxe5 19. Rh3 Ng6 20. Bf5 Bc8 21.
Bxc8 Qxc8 22. Rf3 Qg4 23. Rg3 Qd7 24. cxd5 Rxd5 25. Rd1 Rd8 26. Rxd5 Qxd5 27.
Rf3 Nh4 28. Rf2 Kg8 29. Bc3 Qg5 30. b4 Qxe3 31. Kf1 Rd3 32. Be1 Qe4 33. Re2
Qf4+ 34. Kg1 Qd4+ 35. Kf1 Nf5 36. Bf2 Rd1+ 37. Re1 Ne3+ 38. Bxe3 Rxe1+ 39. Kxe1
Qxe3+ 40. Qe2 Qxe2+ 41. Kxe2 Kf7 42. Kd3 Ke6 43. Kc4 Ke5 44. a3 g5 45. a4 Ke4
46. a5 h5 47. axb6 axb6 48. g3 h4 49. gxh4 gxh4 50. b5 cxb5+ 51. Kxb5 Kf3 52.
Kxb6 Kg2 0-1

[Event "Harry Mather mem"]
[Site "Saskatoon CAN"]
[Date "1996.??.??"]
[Round "4"]
[White "Paget, Todd"]
[Black "Siciliano, Steve"]
[Result "1-0"]
[WhiteElo "1604"]
[BlackElo "1494"]
[PlyCount "44"]
[EventDate "1996.??.??"]
[EventType "swiss"]
[EventRounds "5"]
[EventCountry "CAN"]

1. e4 c6 2. d4 d5 3. Nc3 dxe4 4. Nxe4 Bf5 5. Ng3 Bg6 6. h4 h6 7. h5 Bh7 8. Nf3
e6 9. Bd3 Bxd3 10. Qxd3 c5 11. Be3 cxd4 12. Qb5+ Qd7 13. Nxd4 Nf6 14. O-O-O Bd6
15. Qb3 Bxg3 16. fxg3 Nd5 17. Nb5 Qc6 18. Rhe1 a6 19. Rxd5 axb5 20. Rc5 Qa6 21.
Rc8+ Ke7 22. Rxh8 Qxa2 1-0

[Event "Harry Mather mem"]
[Site "Saskatoon CAN"]
[Date "1996.??.??"]
[Round "6"]
[White "Wilson, Ted"]
[Black "Huczek, George"]
[Result "0-1"]
[WhiteElo "2170"]
[BlackElo "2035"]
[PlyCount "60"]
[EventDate "1996.??.??"]
[EventType "swiss"]
[EventRounds "5"]
[EventCountry "CAN"]

1. g3 g6 2. Bg2 Bg7 3. d3 d5 4. c3 Nf6 5. h3 c6 6. Nf3 Nbd7 7. Nbd2 e5 8. e4
Qc7 9. O-O dxe4 10. dxe4 O-O 11. Re1 Nc5 12. Qc2 Rd8 13. Bf1 Be6 14. b4 Ncd7
15. Ng5 Nf8 16. Nb3 b6 17. Be3 h6 18. Nf3 Nxe4 19. Bxb6 axb6 20. Qxe4 f5 21.
Qc2 c5 22. bxc5 bxc5 23. Nfd2 c4 24. Nc1 Ra3 25. Ne2 e4 26. Nd4 Rxd4 27. cxd4
Bxd4 28. Kg2 Bxf2 29. Kxf2 Qxg3+ 30. Ke2 Re3+ 0-1

[Event "Harry Yanofsky mem."]
[Site "Winnipeg CAN"]
[Date "1996.07.14"]
[Round "3"]
[White "Yoos, John"]
[Black "Johnson, Leonard"]
[Result "1-0"]
[WhiteElo "2413"]
[BlackElo "2273"]
[PlyCount "59"]
[EventDate "1996.07.13"]
[EventType "tourn"]
[EventRounds "5"]
[EventCountry "CAN"]

1. e4 d5 2. exd5 Nf6 3. d4 Nxd5 4. Nf3 Bg4 5. c4 Nb6 6. c5 Nd5 7. Qb3 Bc8 8.
Bc4 c6 9. Nc3 e6 10. O-O Be7 11. Ne4 O-O 12. Bg5 f6 13. Bh4 g5 14. Bg3 f5 15.
Bxb8 fxe4 16. Ne5 Rxb8 17. Nxc6 bxc6 18. Qxb8 Bf6 19. Rad1 Qe7 20. Qb3 Qg7 21.
Qa4 e3 22. Qxc6 exf2+ 23. Kh1 Nf4 24. Qe4 Kh8 25. Rxf2 Rd8 26. Rfd2 Qc7 27. b4
Bb7 28. Qe3 Rxd4 29. Rxd4 Nxg2 30. Rd8+ 1-0

[Event "Hivernale Club Rouyn-Noranda"]
[Site "Rouyn-Noranda CAN"]
[Date "1996.01.07"]
[Round "1"]
[White "Gagnon, Fabien"]
[Black "Lecomte, Andre"]
[Result "1/2-1/2"]
[WhiteElo "1996"]
[BlackElo "1875"]
[PlyCount "35"]
[EventDate "1996.01.07"]
[EventType "swiss"]
[EventRounds "5"]
[EventCountry "CAN"]

1. Nf3 Nf6 2. g3 d5 3. Bg2 Bf5 4. O-O e6 5. d3 Bd6 6. Nc3 O-O 7. Bg5 Nbd7 8. e4
dxe4 9. dxe4 Bg4 10. Qd2 Bxf3 11. Bxf3 h6 12. Bf4 Ne5 13. Be2 Qe7 14. Rad1 Rfd8
15. Qc1 Nc6 16. Bxd6 Rxd6 17. Rxd6 Qxd6 18. Qe3 1/2-1/2

[Event "Hivernale Club Rouyn-Noranda"]
[Site "Rouyn-Noranda CAN"]
[Date "1996.01.07"]
[Round "2"]
[White "Gagnon, Fabien"]
[Black "Nusteruk, Derek"]
[Result "1-0"]
[WhiteElo "1996"]
[BlackElo "1581"]
[PlyCount "53"]
[EventDate "1996.01.07"]
[EventType "swiss"]
[EventRounds "5"]
[EventCountry "CAN"]

1. e4 c5 2. Nf3 d6 3. Bb5+ Bd7 4. Bxd7+ Nxd7 5. O-O e5 6. c3 Ngf6 7. Re1 Be7 8.
d4 O-O 9. Na3 exd4 10. cxd4 d5 11. e5 Ne4 12. Qb3 cxd4 13. Qxd5 Ndc5 14. Qxd4
Qxd4 15. Nxd4 Nxf2 16. Nf5 Bd8 17. Be3 Nfd3 18. Red1 a5 19. Nc4 Re8 20. Nfd6
Re7 21. Ne4 Nxe4 22. Rxd3 Bc7 23. Rad1 b5 24. Nb6 Bxb6 25. Bxb6 Rxe5 26. Bxa5
Ree8 27. Rd8 1-0

[Event "Hivernale Club Rouyn-Noranda"]
[Site "Rouyn-Noranda CAN"]
[Date "1996.01.07"]
[Round "3"]
[White "Arsenault, Martin"]
[Black "Gagnon, Fabien"]
[Result "0-1"]
[WhiteElo "1445"]
[BlackElo "1996"]
[PlyCount "62"]
[EventDate "1996.01.07"]
[EventType "swiss"]
[EventRounds "5"]
[EventCountry "CAN"]

1. e4 d5 2. Nc3 d4 3. Nd5 e6 4. Nf4 Bd6 5. d3 c5 6. Bd2 Nc6 7. c4 Nge7 8. g3
O-O 9. a3 f5 10. Bg2 g5 11. Nfh3 f4 12. Nxg5 Ng6 13. Qh5 Qe7 14. e5 Ncxe5 15.
Be4 Rf5 16. h4 Bd7 17. Qe2 Rf6 18. Bxb7 Rb8 19. Qe4 Ba4 20. h5 fxg3 21. fxg3
Bc2 22. N1f3 Nxf3+ 23. Ke2 Nge5 24. Qxh7+ Qxh7 25. Nxh7 Bxd3+ 26. Kd1 Bxh7 27.
Bxf3 Nxf3 28. g4 Rxb2 29. g5 Rxd2+ 30. Kc1 Bf4 31. g6 Rh2+ 0-1

[Event "Hivernale Club Rouyn-Noranda"]
[Site "Rouyn-Noranda CAN"]
[Date "1996.01.07"]
[Round "4"]
[White "Saint-Pierre, Gilles"]
[Black "Gagnon, Fabien"]
[Result "0-1"]
[WhiteElo "1931"]
[BlackElo "1996"]
[PlyCount "68"]
[EventDate "1996.01.07"]
[EventType "swiss"]
[EventRounds "5"]
[EventCountry "CAN"]

1. d4 Nf6 2. Nf3 e6 3. Bg5 d5 4. e3 Be7 5. c4 O-O 6. Nc3 c6 7. Bd3 Nbd7 8. O-O
dxc4 9. Bxc4 b5 10. Bd3 Bb7 11. Rc1 a6 12. Qe2 c5 13. Bxf6 Nxf6 14. dxc5 Bxc5
15. Nxb5 Bxe3 16. Qxe3 axb5 17. Rfd1 Qb8 18. Rc5 Ng4 19. Rh5 g6 20. Qg5 Ra4 21.
Rh3 Bxf3 22. gxf3 Qe5 23. Qe7 Nf6 24. Bxb5 Rxa2 25. b4 Qg5+ 26. Rg3 Qxb5 27.
Qxf6 Qxb4 28. Rg4 Qb2 29. Qh4 Kg7 30. Rgd4 Rfa8 31. Qg3 Qe2 32. f4 R8a3 33. Qh4
Ra1 34. Qd8 R3a2 0-1

[Event "Hivernale Club Rouyn-Noranda"]
[Site "Rouyn-Noranda CAN"]
[Date "1996.01.07"]
[Round "5"]
[White "Gagnon, Fabien"]
[Black "Brassard, Luc"]
[Result "1-0"]
[WhiteElo "1996"]
[BlackElo "1765"]
[PlyCount "119"]
[EventDate "1996.01.07"]
[EventType "swiss"]
[EventRounds "5"]
[EventCountry "CAN"]

1. e4 Nf6 2. e5 Nd5 3. c4 Nb6 4. d4 d6 5. Nf3 Bg4 6. Be2 g6 7. Nc3 Bg7 8. O-O
Nc6 9. exd6 cxd6 10. Be3 O-O 11. b3 Nd7 12. Qd2 Nf6 13. Rac1 Qa5 14. Rfd1 Rfd8
15. Bh6 Bh8 16. Qe3 e5 17. dxe5 dxe5 18. Nd5 Nxd5 19. cxd5 Nd4 20. Bc4 Nf5 21.
Qd2 Qxd2 22. Bxd2 Bxf3 23. gxf3 Nd4 24. Kg2 b5 25. Bd3 Rdc8 26. Be3 f5 27. Bxd4
exd4 28. Rc6 Rxc6 29. dxc6 b4 30. Rc1 Rc8 31. f4 Rc7 32. Kf3 Bf6 33. Rc4 a5 34.
Rc2 Kf8 35. Ke2 Ke7 36. Bb5 Kd6 37. Kd3 Bg7 38. Re2 Bh8 39. Re8 Bf6 40. Ra8 Kc5
41. Ba4 Kb6 42. Re8 Ka7 43. Re6 Bg7 44. Rd6 Kb6 45. Kc4 Bh8 46. Rd8 Bg7 47. Rg8
Bf6 48. f3 Bg7 49. Rd8 Bf6 50. Rd5 Ka6 51. Kc5 Be7+ 52. Kxd4 Kb6 53. Ke5 Bf8
54. Rd8 Bc5 55. Ke6 Be3 56. Ke5 Re7+ 57. Kd6 Bc5+ 58. Kd5 Be3 59. Rb8+ Kc7 60.
Rb7+ 1-0

[Event "Home in Home"]
[Site "Saskatoon CAN"]
[Date "1996.??.??"]
[Round "?"]
[White "Masson, Richard"]
[Black "Knapper, Brian"]
[Result "1-0"]
[WhiteElo "1625"]
[BlackElo "1683"]
[PlyCount "114"]
[EventDate "1996.??.??"]
[EventType "swiss"]
[EventCountry "CAN"]

1. e4 c5 2. Nc3 e6 3. g3 d5 4. Bg2 d4 5. Nce2 Nc6 6. d3 Bd6 7. Nh3 Nge7 8. f4
f5 9. e5 Bc7 10. Nf2 Nb4 11. g4 Nbd5 12. Ng3 g6 13. gxf5 exf5 14. O-O Bd7 15.
Bd2 Bc6 16. c3 dxc3 17. bxc3 Bb6 18. c4 Nc7 19. Bxc6+ Nxc6 20. Nxf5 gxf5 21.
Qh5+ Kd7 22. Qxf5+ Ne6 23. Qf7+ Qe7 24. Qxe7+ Nxe7 25. Ne4 Raf8 26. Nf6+ Kc8
27. Kh1 Nf5 28. Rg1 Bd8 29. Nd5 Rhg8 30. Rxg8 Rxg8 31. Rg1 Rxg1+ 32. Kxg1 Nh4
33. Kf2 Kd7 34. Kg3 h5 35. Bc3 Kc6 36. Ne3 Nd4 37. Bxd4 cxd4 38. Nd5 b5 39.
Nb4+ Kc5 40. Na6+ Kb6 41. cxb5 Nf5+ 42. Kf3 Kxb5 43. Nb8 Kc5 44. Ke4 Ne7 45. f5
Ng8 46. Nd7+ Kc6 47. Nf8 Bh4 48. Kxd4 Bf2+ 49. Ke4 Bc5 50. Ne6 Bb4 51. d4 Ne7
52. f6 Ng6 53. d5+ Kd7 54. Kf5 Nf8 55. Nxf8+ Bxf8 56. Kg6 Ke8 57. Kxh5 Kf7 1-0

[Event "Inter-clubs"]
[Site "Montreal/Ste-Therese CAN"]
[Date "1993.11.19"]
[Round "1"]
[White "Clement, Michel"]
[Black "Pouliot, Louis"]
[Result "1-0"]
[WhiteElo "1996"]
[BlackElo "2026"]
[PlyCount "113"]
[EventDate "1996.11.19"]
[EventType "team"]
[EventRounds "2"]
[EventCountry "CAN"]

1. e4 c5 2. Nf3 Nc6 3. d4 cxd4 4. Nxd4 Nf6 5. Nc3 e5 6. Nxc6 bxc6 7. Bg5 Rb8 8.
Bc4 h6 9. Bh4 Rb4 10. Qd3 Be7 11. Bb3 Qa5 12. O-O-O O-O 13. Bxf6 Bxf6 14. h4
Rd4 15. Qf3 d5 16. g4 Qd8 17. Rxd4 exd4 18. Ne2 dxe4 19. Qxe4 Re8 20. Qf3 Qe7
21. Ng3 d3 22. c3 d2+ 23. Kxd2 Qd7+ 24. Kc1 Qxg4 25. Qxg4 Bxg4 26. Bd1 Be6 27.
Nh5 Be5 28. f4 Bc7 29. Rg1 Kf8 30. Nxg7 Bxf4+ 31. Kc2 Rd8 32. Nxe6+ fxe6 33.
Rg2 Kf7 34. Bf3 c5 35. Kb3 Rd2 36. Rxd2 Bxd2 37. Kc4 Be3 38. a4 Kf6 39. a5 Bf2
40. h5 Kf5 41. a6 e5 42. Kd5 Kf4 43. Be4 Be3 44. Bg6 Bc1 45. b3 Bd2 46. c4 Bc3
47. Be4 Bd2 48. Bg6 Bb4 49. Kc6 e4 50. Kb7 e3 51. Bd3 Kf3 52. Kxa7 e2 53. Bxe2+
Kxe2 54. Kb7 Kd3 55. a7 Kc3 56. a8=Q Kxb3 57. Qa6 1-0

[Event "Inter-clubs"]
[Site "Montreal/Ste-Therese CAN"]
[Date "1993.11.20"]
[Round "2"]
[White "Clement, Michel"]
[Black "Dion, Francis"]
[Result "1-0"]
[WhiteElo "1996"]
[BlackElo "1947"]
[PlyCount "81"]
[EventDate "1996.11.19"]
[EventType "team"]
[EventRounds "2"]
[EventCountry "CAN"]

1. e4 e5 2. Nf3 Nc6 3. Bb5 a6 4. Ba4 Nf6 5. O-O Be7 6. Re1 b5 7. Bb3 d6 8. c3
O-O 9. d3 Na5 10. Bc2 c5 11. Nbd2 Nd7 12. Nf1 Bf6 13. Ne3 g6 14. Nd5 Bg7 15.
Bg5 f6 16. Bd2 Bb7 17. a4 Bxd5 18. exd5 Nb6 19. axb5 axb5 20. c4 b4 21. b3 Rf7
22. Bc1 Rfa7 23. Bb2 Nc8 24. h4 Ne7 25. g4 Qd7 26. Nh2 Bh6 27. g5 fxg5 28. Ng4
Bg7 29. hxg5 Qf5 30. Bc1 Qf8 31. Re4 Nf5 32. Bb2 Nd4 33. Bxd4 cxd4 34. Qe1 Qd8
35. f4 exf4 36. Qh4 Nb7 37. Rae1 h5 38. Nf6+ Bxf6 39. gxf6 Ra1 40. Qg5 Kf7 41.
Bd1 1-0

[Event "Interclubs"]
[Site "Montreal CAN"]
[Date "1996.02.13"]
[Round "1"]
[White "Filion, Charles"]
[Black "Mikanovic, Goran"]
[Result "0-1"]
[WhiteElo "2100"]
[BlackElo "2295"]
[PlyCount "64"]
[EventDate "1996.03.01"]
[EventType "team"]
[EventRounds "5"]
[EventCountry "CAN"]

1. e4 c5 2. Nf3 e6 3. d4 cxd4 4. Nxd4 a6 5. Nc3 Qc7 6. Bd3 Nf6 7. O-O Nc6 8.
Be3 Ne5 9. h3 Bc5 10. Kh1 d6 11. f4 Ng6 12. Qd2 O-O 13. a3 b5 14. b4 Ba7 15. a4
bxa4 16. Rxa4 Bb7 17. Rfa1 Nxf4 18. Bxa6 Bxa6 19. Rxa6 Bxd4 20. Bxd4 Rxa6 21.
Rxa6 e5 22. Be3 Qc4 23. Rxd6 Qxb4 24. Bxf4 exf4 25. Rd4 Qb8 26. Nd5 Nh5 27. Qb4
Qa8 28. Ne7+ Kh8 29. Nc6 Rc8 30. Qe7 h6 31. Rd8+ Kh7 32. Rxc8 Qa1+ 0-1

[Event "Interclubs"]
[Site "Montreal CAN"]
[Date "1996.02.13"]
[Round "1"]
[White "Fillion, Robert"]
[Black "Reeve, Jeff"]
[Result "0-1"]
[WhiteElo "1706"]
[BlackElo "2246"]
[PlyCount "82"]
[EventDate "1996.03.01"]
[EventType "team"]
[EventRounds "5"]
[EventCountry "CAN"]

1. c4 g6 2. Nc3 Bg7 3. g3 Nf6 4. Bg2 O-O 5. e3 c6 6. Nge2 d6 7. O-O e5 8. d3
Be6 9. e4 Qd7 10. b3 Bh3 11. f3 Bxg2 12. Kxg2 Nh5 13. Be3 f5 14. Qd2 Na6 15. d4
fxe4 16. fxe4 exd4 17. Bxd4 Nf6 18. Rad1 Rad8 19. Be3 Rde8 20. Qxd6 Qxd6 21.
Rxd6 Nxe4 22. Nxe4 Rxe4 23. Rf3 Rfe8 24. Kf2 Bf8 25. Rd2 Bb4 26. Rc2 Rxe3 27.
Rxe3 Bc5 28. Rcc3 Nb4 29. a3 Rxe3 30. Rxe3 Nc2 31. Kf3 Bxe3 32. Ke4 Bh6 33. a4
Kf7 34. g4 Ke6 35. h4 c5 36. g5 Bg7 37. Nf4+ Kd6 38. h5 gxh5 39. Nxh5 Be5 40.
Nf6 Bxf6 41. gxf6 b6 0-1

[Event "Interclubs"]
[Site "Montreal CAN"]
[Date "1996.02.13"]
[Round "1"]
[White "Goldenberg, Danny"]
[Black "Wenaas, Eric"]
[Result "1-0"]
[WhiteElo "1929"]
[BlackElo "2054"]
[PlyCount "73"]
[EventDate "1996.03.01"]
[EventType "team"]
[EventRounds "5"]
[EventCountry "CAN"]

1. e4 e5 2. Nf3 Nc6 3. Bc4 Bc5 4. d3 Nf6 5. O-O d6 6. c3 O-O 7. Re1 Bg4 8. h3
Bh5 9. Nbd2 Bb6 10. Nf1 Qd7 11. Bg5 Bxf3 12. Qxf3 Ne8 13. b4 Kh8 14. Ng3 f6 15.
Rad1 Rd8 16. Be3 Bxe3 17. Rxe3 Ne7 18. d4 Ng6 19. Nf5 c6 20. Bb3 Qc8 21. Red3
Nf4 22. R3d2 d5 23. Kh2 Nc7 24. Bc2 g6 25. Ng3 Qe6 26. Bb3 Qe7 27. Ne2 Nxe2 28.
Qxe2 Rfe8 29. exd5 Nxd5 30. dxe5 Nxc3 31. Qc4 Qxe5+ 32. f4 Qc7 33. Qxc3 Qxf4+
34. Kg1 Rxd2 35. Qxd2 Qe4 36. Qf2 Qxb4 37. Qxf6# 1-0

[Event "Interclubs"]
[Site "Montreal CAN"]
[Date "1996.02.13"]
[Round "1"]
[White "Grondin, Jean-Philippe"]
[Black "Bergeron, Marc"]
[Result "1/2-1/2"]
[WhiteElo "2110"]
[BlackElo "1976"]
[PlyCount "100"]
[EventDate "1996.03.01"]
[EventType "team"]
[EventRounds "5"]
[EventCountry "CAN"]

1. e4 Nc6 2. d4 d5 3. Nc3 dxe4 4. d5 Ne5 5. Qd4 Ng6 6. Bb5+ Bd7 7. Be3 f5 8.
Nge2 c6 9. dxc6 bxc6 10. Ba4 e5 11. Qc4 Qc7 12. O-O-O Bd6 13. Bb3 N8e7 14. Rd2
Rf8 15. Rhd1 Rf6 16. Bc5 Bxc5 17. Qxc5 O-O-O 18. g4 Rff8 19. Ng3 f4 20. Rxd7
Rxd7 21. Be6 Rfd8 22. Ngxe4 Kb8 23. Bxd7 Rxd7 24. Nd6 Nd5 25. Nce4 Qb6 26.
Qxb6+ axb6 27. Nf5 Ra7 28. a3 f3 29. Ng5 Ra4 30. h3 Ngf4 31. Nxf3 Nxh3 32. Nxe5
Nxf2 33. Nxc6+ Kc7 34. Rxd5 Kxc6 35. Rd4 Rxd4 36. Nxd4+ Kd5 37. Nf5 g5 38. Nh6
Ke4 39. a4 Kd4 40. Kd2 Ne4+ 41. Ke2 Nc5 42. Nf7 Nxa4 43. Nxg5 Nxb2 44. Nxh7 Ke4
45. Nf6+ Kf4 46. Nd5+ Kxg4 47. Nxb6 Kf4 48. Kd2 Ke4 49. c3 Nd3 50. Nd7 Ne5
1/2-1/2

[Event "Interclubs"]
[Site "Montreal CAN"]
[Date "1996.03.06"]
[Round "1"]
[White "Leveille, Francois"]
[Black "Cormos, Eugene"]
[Result "1-0"]
[WhiteElo "2357"]
[BlackElo "2015"]
[PlyCount "65"]
[EventDate "1996.03.01"]
[EventType "team"]
[EventRounds "5"]
[EventCountry "CAN"]

1. e4 e5 2. Nf3 Nc6 3. Nc3 Bc5 4. Nxe5 Nxe5 5. d4 Bxd4 6. Qxd4 d6 7. f4 Qh4+ 8.
Qf2 Qxf2+ 9. Kxf2 Ng4+ 10. Kg3 h5 11. h3 N4f6 12. e5 dxe5 13. fxe5 h4+ 14. Kh2
Nh5 15. Nd5 Kd8 16. Bg5+ f6 17. exf6 Nhxf6 18. Rd1 Bd7 19. Bc4 Kc8 20. Rhe1 b5
21. Nxf6 Nxf6 22. Bxf6 gxf6 23. Re7 Bc6 24. Bd5 Bxd5 25. Rxd5 Rb8 26. Rc5 Rb7
27. Rf7 Rd8 28. Rxf6 Rd1 29. Rff5 Rb1 30. b3 Rb2 31. a3 Ra2 32. Rf4 Rxa3 33.
Rxh4 1-0